000 00277nam a2200097Ia 4500
001 716185
005 20250826162939.0
008 250824s9999 xx 000 0 und d
245 0 _aHAYAT ZOR AMA BEN DE KOLAY BİRİ SAYILMAM
_cSEÇİL ÇÖMLEKÇİ
260 _bCARPE DİEM YAYINLARI
999 _c716185
_d716185